| 000 | 00954cab a2200277 4500 | ||
|---|---|---|---|
| 001 | ABS60564 | ||
| 008 | 090401t1999 xxu||||| |||| 00| 0 eng d | ||
| 035 | _a(Sirsi) u92927 | ||
| 041 | _aeng | ||
| 245 | _aWestminster CC v Moran | ||
| 260 | _c1999 | ||
| 350 | _a0 | ||
| 490 |
_aProperty, Planning and Compensation Reports _v[1999] 77 P&CR 3, 294-299(6) |
||
| 650 | _aADVERTISING BOARDS | ||
| 650 | _aDEEMED CONSENT | ||
| 650 | _aHIGHWAYS ACT 1980 S137 | ||
| 650 | _aOBSTRUCTION | ||
| 650 | _aTOWN AND COUNTRY PLANNING (CONTROL OF ADVERTISEMENTS) REGS 1992 R 27 | ||
| 650 | _aTOWN AND COUNTRY PLANNING (CONTROL OF ADVERTISEMENTS) REGS 1992 R 6 | ||
| 650 | _aTOWN AND COUNTRY PLANNING (CONTROL OF ADVERTISEMENTS) REGS 1992 R5 | ||
| 650 | _aTOWN AND COUNTRY PLANNING (CONTROL OF ADVERTISEMENTS) REGS 1992 SCH 3 | ||
| 650 | _aWESTMINSTER CC V MORAN | ||
| 690 | _aPLANNING LAW AND PRACTICE-CASE LAW | ||
| 942 | _n0 | ||
| 948 | _c22/04/1999 | ||
| 999 |
_c58887 _d58887 |
||